Die 232 größten Musiker aller Zeiten - Statistiken

Allgemein
  • Dieses Quiz wurde 437 mal gespielt
  • Das Durchschnittsergebnis liegt bei 53 aus 232
Antwortstatistiken
Bsp. Hits 🎶 🚩 Musiker /-in % Korrekt
🎶 Skyfall🎶 Rolling in the Deep 🇬🇧 Adele
89%
🎶 Shape of You 🎶 Bad Habits 🇬🇧 Ed Sheeran
82%
🎶 In Da Club🎶 Candy Shop 🇺🇸 50 Cent
78%
🎶 Circle of Life 🎶 Candle in the Wind 🇬🇧 Elton John
75%
🎶 Wake Me Up🎶 Hey Brother 🇸🇪 Avicii | Tim Bergling
74%
🎶 Bohemian Rhapsody 🎶 We Are the Champions 🇹🇿🇬🇧 Freddy Mercury (Queen)
73%
🎶 You're The One That I Want 🎶 Xanadu 🇬🇧🌏 Olivia Newton - John
72%
🎶 Oops.. I did it Again 🎶.. Baby One More Time 🇺🇸 Britney Spears
71%
🎶 Bad Romance 🎶 Pokerface 🇺🇸 Lady Gaga
70%
🎶 We Found Love 🎶 Umbrella 🇧🇧 Rihanna
70%
🎶 Freeek🎶 Careless Whisper 🇬🇧 George Michael (Wham)
68%
🎶 Take it Easy 🎶 Doctor My Eyes 🇩🇪🇺🇸 Jackson Browne
67%
🎶 Hot n Cold 🎶 I Kissed a Girl 🇺🇸 Katy Perry
66%
🎶 We Are Never Ever Getting Back Together 🎶 Shake it Off 🇺🇸 Taylor Swift
66%
🎶 Grenade 🎶 Uptown Funk! 🇺🇸 Bruno Mars
65%
🎶 Without me🎶 Love The Way You Lie 🇺🇸 Eminem
65%
🎶 Billie Jean 🎶 Smooth Criminal 🇺🇸 Michael Jackson
65%
🎶 Rehab🎶 Back to Black 🇬🇧 Amy Winehouse
64%
🎶 Rock Me Amadeus 🎶 Der Kommissar 🇦🇹 Falco
63%
🎶 Imagine 🎶 Power to the People 🇬🇧 John Lennon (The Beatles)
63%
🎶 Whenever Wherever 🎶 Waka Waka 🇨🇴 Shakira
62%
🎶 I Feel Love 🎶 Hot Stuff 🇺🇸 Donna Summer
59%
🎶 Like a Virgin 🎶 Hung Up 🇺🇸 Madonna
59%
🎶 Crazy in Love 🎶 Beautiful Liar 🇺🇸 Beyoncé
58%
🎶 Watermelon Sugar 🎶 As It Was 🇬🇧 Harry Styles (One Direction)
57%
🎶 So What 🎶 Just Give Me a Reason 🇺🇸 Pink | P!nk
55%
🎶 What Was I Made For? 🎶 Bad Guy 🇺🇸 Billie Eilish
54%
🎶 My Heart Will Go On🎶 A New Day Has Come 🍁 Céline Dion
54%
🎶 Cry Me a River 🎶 Can't Stop The Feeling 🇺🇸 Justin Timberlake (*NSync)
54%
🎶 Beauty & the Beat🎶 Let Me Love You 🍁 Justin Bieber
53%
🎶 Wrecking Ball 🎶 Flowers 🇺🇸 Miley Cyrus
53%
🎶 7 Rings 🎶 God is a Woman 🇺🇸 Ariana Grande
51%
🎶 Without You 🎶 All I Want For Christmas is You 🇺🇸 Mariah Carey
51%
🎶 The Best 🎶 We Don't Need Another Hero 🇺🇸 Tina Turner
51%
🎶 One Moment in Time 🎶 I Will Always Love You 🇺🇸 Whitney Houston
50%
🎶 In The Ghetto 🎶 Love Me Tender 🇺🇸 Elvis Presley
49%
🎶 Video Games 🎶 Summertime Sadness 🇺🇸 Lana Del Rey
47%
🎶 Müll of Kintyre 🎶 Ebony & Ivory 🇬🇧 Paul McCartney (The Beatles & Wings)
46%
🎶 On The Floor 🎶 Jenny From the Block 🇺🇸 Jennifer Lopez
45%
🎶 Iron Lion Zion🎶 No Woman No Cry 🇯🇲 Bob Marley
44%
🎶 Purple Rain 🎶 When Doves Cry 🇺🇸 Prince
44%
🎶 Senorita 🎶 Stitches 🍁 Shawn Mendes
44%
🎶 Creepin'🎶 Blinding Lights 🍁 The Weeknd
43%
🎶 Whoops Now 🎶 Miss You Much 🇺🇸 Janet Jackson
42%
🎶 When I Fall in Love 🎶 Mona Lisa 🇺🇸 Nat King Cole
42%
🎶 Troublemaker 🎶 Heart Skips a Beat 🇺🇸 Olly Murs
42%
🎶 In the Air Tonight 🎶 Another Day in Paradise 🇬🇧 Phil Collins (Genesis)
42%
🎶 What's My Name? 🎶 One Dance 🍁 Drake
41%
🎶 Dancing in the Street 🎶 Use Me 🇬🇧 Mick Jagger (Rolling Stones)
41%
🎶 Genie in a Bottle 🎶 Lady Marmelade 🇺🇸 Christina Aguilera
40%
🎶 No One 🎶 Girl On Fire 🇺🇸 Alicia Keys
39%
🎶 Anton aus Tirol 🎶 Burger Dance 🇦🇹 DJ Ötzi | Gerhard Friedle
38%
🎶 Good Feeling 🎶 Whistle 🇺🇸 Flo Rida
38%
🎶 You are so Beautiful 🎶 Up Where We Belong 🇬🇧 Joe Cocker
37%
🎶 Gold Digger 🎶 American Boy 🇺🇸 Kanye West
36%
🎶 I'd Rather Go Blind 🎶 Tell Mama 🇺🇸 Etta James (The Creolettes)
35%
🎶 Love Me Like You Do 🎶 Miracle 🇬🇧 Ellie Goulding | Elena Goulding
34%
🎶 Streets of Philadelphia 🎶 Dancing in the Dark 🇺🇸 Bruce Springsteen
33%
🎶 All Of Me 🎶 Love Me Now 🇺🇸 John Legend
33%
🎶 Yeah! 🎶 Scream 🇺🇸 Usher
33%
🎶 Everything I Do (I Do It For You)🎶 All For Love 🍁 Bryan Adams
32%
🎶 Ring of Fire 🎶 Hurt 🇺🇸 Johnny Cash
32%
🎶 Jolene 🎶 I Will Always Love You 🇺🇸 Dolly Parton
30%
🎶 Hollaback Girl 🎶 The Sweet Escape 🇺🇸 Gwen Stefani (No Doubt)
30%
🎶 Livin' la vida loca🎶 Maria PuertoRico Ricky Martin
30%
🎶 I Got You Babe 🎶 Believe 🇺🇸 Cher
29%
🎶 Total Eclipse of the Heart 🎶 Holding Out For a Hero 🇬🇧 Bonnie Tyler
28%
🎶 Celebrate Youth 🎶 Love Somebody 🇦🇹🇺🇸 Rick Springfield
28%
🎶 Kiss From a Rose 🎶 Loves Devine 🇬🇧 Seal
28%
🎶 Respect 🎶 Chain of Fools 🇺🇸 Aretha Franklin
27%
🎶 It's a Man's Man's Man's World 🎶 My Thang 🇺🇸 James Brown
27%
🎶 Another Love 🎶 Real Love 🇬🇧 Tom Odell
27%
🎶 My Oh My🎶 Senorita 🇨🇺 🇺🇸 Camila Cabello
26%
🎶 Wuthering Heights 🎶 Running Up That Hill 🇬🇧 Kate Bush
26%
🎶 A Moment Like This 🎶 Because of You 🇺🇸 Kelly Clarkson
26%
🎶 Just The Way You Are 🎶 Piano Man 🇺🇸 Billy Joel
25%
🎶 White Flag 🎶 Stan 🇬🇧 Dido
25%
🎶 Can't Get You Out of My Head 🎶 The Loco - motion 🌏 Kylie Minogue
25%
🎶 Dream a Little Dream of Me🎶 What a Wonderful World 🇺🇸 Louis Armstrong | Satchmo
25%
🎶 Mo Money Mo Problems 🎶 I'll be Missing You 🇺🇸 P. Diddy | Puff Daddy | Sean Combs
25%
🎶 Blowin' in the Wind 🎶 Like a Rolling Stone 🇺🇸 Bob Dylan (The Band)
24%
🎶 We Found Love 🎶 One Kiss 🏴󠁧󠁢󠁳󠁣󠁴󠁿 Calvin Harris
24%
🎶 Bailamos🎶 Hero 🇪🇸 Enrique Iglesias
24%
🎶 Strangers in the Night 🎶 My Way 🇺🇸 Frank Sinatra
24%
🎶 Holy Grail 🎶 Crazy in Love 🇺🇸 Jay - Z
24%
🎶 Hit the Road Jack🎶 Unchain My Heart 🇺🇸 Ray Charles
24%
🎶 Colour Me In 🎶 Is it Love? 🇮🇪 Rea Garvey (Reamonn)
24%
🎶 Rudebox🎶 Somethin' Stupid 🇬🇧 Robbie Williams
24%
🎶 Space Oddity 🎶 China Girl 🇬🇧 David Bowie | Ziggy Stardust
23%
🎶 My Happy Ending 🎶 Girlfriend 🍁 Avril Lavigne
22%
🎶 I Shot the Sheriff 🎶 Tears in Heaven 🇬🇧 Eric Clapton
22%
🎶 I am What I am🎶 I Will Survive 🇺🇸 Gloria Gaynor
22%
🎶 Cambodia🎶 Kids in America 🇬🇧 Kim Wilde
22%
🎶 Baby Jane🎶 Sailing 🇬🇧 Rod Stewart
22%
🎶 Blowin' in the Wind 🎶 I Just Called to Say I Love You 🇺🇸 Stevie Wonder
22%
🎶 Sex Bomb 🎶 It's not Unusual 🇬🇧 Tom Jones
22%
🎶 Domino 🎶 Moondance 🇮🇪 Van Morrison
22%
🎶 Father & Son 🎶 Where Do the Children Play 🇬🇧 Cat Stevens | Yusuf Islam
21%
🎶 All Good Things 🎶 Say it Right 🇵🇹🍁 Nelly Furtado
21%
🎶 Money on My Mind 🎶 La La La 🇬🇧 Sam Smith
21%
🎶 Dancing With Myself 🎶 White Wedding 🇬🇧 Billy Idol
20%
🎶 Where the Wild Roses Grow 🎶 Into My Arms 🇦🇹 Nick Cave (Bad Seeds)
20%
🎶 Hello🎶 Say You, Say Me 🇺🇸 Lionel Richie (The Commodores)
19%
🎶 Send Your Love 🎶 Fragile 🇬🇧 Sting | Gordon Matthew Thomas Sumner (The Police)
19%
🎶 Hello Hooray 🎶 Poison 🇺🇸 Alice Cooper
18%
🎶 With Or Without You 🎶 Sunday Bloody Sunday 🇮🇪 Bono | Paul David Hewson
18%
🎶 Do the Limbo Dance 🎶 Looking For Freedom 🇺🇸 David Hasselhoff
18%
🎶 Parla con me🎶 I Belong to You - Il ritmo della passione 🇮🇹 Eros Ramazzotti
18%
🎶 Purple Haze 🎶 Voodoo Child 🇺🇸 Jimi Hendrix
18%
🎶 Annie's Song 🎶 Take Me Home, Country Roads 🇺🇸 John Denver
18%
🎶 Fly Away 🎶 Believe 🇺🇸 Lenny Kravitz
18%
🎶 Satellite of Love 🎶 Perfect Day 🇺🇸 Lou Reed (Velvet Underground)
18%
🎶 Sledgehammer🎶 Red Rain 🇬🇧 Peter Gabriel (Genesis)
18%
🎶 Driving Home For Christmas 🎶 Auberge 🇬🇧 Chris Rea
17%
🎶 Everybody 🎶 What A Feeling 🇨🇭 DJ Bobo | René Peter Baumann
17%
🎶 Modern Girl 🎶 I'd Anything For Love - (...) 🇺🇸 Meat Loaf
17%
🎶 Beautiful Noise 🎶 Sweet Caroline 🇺🇸 Neil Diamond
17%
🎶 The House of the Rising Sun🎶 Don't Bring Me Down 🏴󠁧󠁢󠁥󠁮󠁧󠁿 Eric Burdon (The Animals & War)
16%
🎶 Mercy Mercy Me🎶 Sexual Healing 🇺🇸 Marvin Gaye
16%
🎶 Spider - Man Theme 🎶 Feeling Good 🍁🇮🇹 Michael Bublé
15%
🎶 Shadow on the Wall🎶 Moonlight Shadow 🇬🇧 Mike Oldfield
15%
🎶 Naturally 🎶 Lose You to Love Me 🇺🇸 Selena Gomez
15%
🎶 Sick & Tired 🎶 I Belong to You - Il ritmo della passione 🇺🇸 Anastacia
14%
🎶 Tutti - Frutti 🎶 Jenny, Jenny 🇺🇸 Little Richard
14%
🎶 Love Me Like a Rock 🎶 You Can Call Me Al 🇺🇸 Paul Simon (Simon & Garfunkel)
14%
🎶 Oh, Pretty Woman 🎶 Only the Lonely 🇺🇸 Roy Orbison
14%
🎶 Lovesick Blues 🎶 Cold, Cold Heart 🇺🇸 Hank Williams
13%
🎶 All of You 🎶 Gozar la Vida 🇪🇸 🇵🇭🇺🇸 Julio Iglesias
13%
🎶 Family Affair 🎶 Just Fine 🇺🇸 Mary J. Blige
13%
🎶 Landslide 🎶 Stay Back 🇺🇸 Stevie Nicks (Fleetwood Mac)
13%
🎶 Un-Break My Heart 🎶 He Wasn't Man 🇺🇸 Toni Braxton
13%
🎶 Hope Road 🎶 The Hardest Heart 🇬🇧 Anne Clark
12%
🎶 Love Song for a Vampire 🎶 I Put a Spell on You 🏴󠁧󠁢󠁳󠁣󠁴󠁿 Annie Lennox (Eurythmics)
12%
🎶 The Lady in Red 🎶 Missing You 🇮🇪 Chris de Burgh
12%
🎶 Love is the Drug 🎶 I'm Not Perfect 🇯🇲 Grace Jones
12%
🎶 Real Wild Child 🎶 Passenger 🇺🇸 Iggy Pop
12%
🎶 Heart of Gold 🎶 Hey Hey, My My 🍁 Neil Young
12%
🎶 Don't Know Why🎶 Chasing Pirates 🇺🇸 Norah Jones
12%
🎶 Dreamer 🎶 Changes 🇬🇧 Ozzy Osbourne
12%
🎶 Love is a Battlefield 🎶 Invincible 🇺🇸 Pat Benatar
12%
🎶 Because the Night 🎶 E-Bow the Letter 🇺🇸 Patti Smith
12%
🎶 Stuff Like That 🎶 The Secret Garden 🇺🇸 Quincy Jones
12%
🎶 That Don't Impress Me Much 🎶 Ka - Ching! 🍁 Shania Twain
12%
🎶 Roll With it🎶 Mr. Fantasy 🇬🇧 Steve Winwood
12%
🎶 Woman in Love 🎶 Memory 🇺🇸 Barbra Streisand
11%
🎶 Ella, elle l'a🎶 Poupeé de cire, poupeé de son 🇫🇷 France Gall
11%
🎶 Free Fallin'🎶 American Girl 🇺🇸 Tom Petty (The Heartbreakers)
11%
🎶 St. Louis Blues 🎶 Nobody Knows You When You're Down & Out 🇺🇸 Bessie Smith
10%
🎶 Zing a Little Zong 🎶 White Christmas 🇺🇸 Bing Crosby
10%
🎶 Ain't no Mountain High Enough 🎶 Endless Love 🇺🇸 Diana Ross (The Supremes)
10%
🎶 Bobby Brown 🎶 I Don't Wanna Get Drafted 🇺🇸 Frank Zappa (Mothers of Invention)
10%
🎶 No Ordinary Love 🎶 The Sweetest Taboo 🇳🇬🇬🇧 Adu Sade
9%
🎶 Son of a Preacher Man 🎶 In Private 🇬🇧 Dusty Springfield
9%
🎶 Piece of my Heart 🎶 Cry Baby 🇺🇸 Janis Joplin
9%
🎶 Stardust 🎶 Oxygéne 8 🇫🇷 Jean - Michel Jarre
9%
🎶 Chantilly Lace 🎶 Roll Over Beethoven 🇺🇸 Jerry Lee Lewis
9%
🎶 Sisters of Mercy 🎶 Hallelujah 🍁 Leonard Cohen
9%
🎶 Get Ur Freak On 🎶 Lady Marmelade 🇺🇸 Missy Elliott
9%
🎶 Come Back & Stay 🎶 Every Time You go Away 🏴󠁧󠁢󠁥󠁮󠁧󠁿 Paul Young
9%
🎶 Je veux🎶 On ira 🇫🇷 Zaz | Isabelle Geffroy
9%
🎶 You're the First, the Last, My Everything 🎶 Let the Music Play 🇺🇸 Barry White
8%
🎶 Du lässt dich gehn🎶 The Old Fashion Way 🇫🇷🇦🇲 Charles Aznavour
8%
🎶 Milord 🎶 Padam, Padam... 🇫🇷 Edith Piaf
8%
🎶 Cheek to Cheek 🎶 Dream a Little Dream of Me 🇺🇸 Ella Fitzgerald (Chick Webb)
8%
🎶 Banana Boat Song 🎶 Skin to Skin 🇺🇸 Harry Belafonte
8%
🎶 This Christmas 🎶 Hold My Hand 🇬🇧 Jessica Glynne | Jess Glynne
8%
🎶 Porcelain 🎶 Why Does My Heart Feel so Bad? 🇺🇸 Moby
8%
🎶 Mandy🎶 Copacabana 🇺🇸 Barry Manilow
7%
🎶 My Ding - A - Ling🎶 Sweet Little 16 🇺🇸 Chuck Berry
7%
🎶 The Power of Love 🎶 Flames of Paradise 🇺🇸 Jennifer Rush
7%
🎶 The Flood 🎶 9 Mio. Bicycles 🇬🇪🇬🇧 Katie Melua
7%
🎶 'Round About Midnight 🎶 Doo - Bop 🇺🇸 Miles Davis
7%
🎶 Here I Am 🎶 I'm Still in Love With You 🇺🇸 Al Green
6%
🎶 Sweet Thing 🎶 Ain't Nobody 🇺🇸 Chaka Khan
6%
🎶 Lord Give Me a Sign 🎶 Ruff Ryder's Anthem 🇺🇸 DMX | Earl Simmons
6%
🎶 Professional Widow 🎶 Cornflake Girl 🇺🇸 Tori Amos
6%
🎶 Guardian 🎶 Underneath 🍁 Alanis Morissette
5%
🎶 Is This Love? 🎶 All Cried Out 🏴󠁧󠁢󠁥󠁮󠁧󠁿 Alison Moyet
5%
🎶 One Fine Day 🎶 Hard Rock Cafe 🇺🇸 Carole King
5%
🎶 Alfie🎶 That's What Friends Are For 🇺🇸 Dionne Warwick
5%
🎶 I'm Walkin'🎶 Jambalaya 🇺🇸 Fats Domino
5%
🎶 We've got Tonight 🎶 Islands in the Stream 🇺🇸 Kenny Rogers
5%
🎶 Mr. Bojangles 🎶 My Baby Just Cares for Me 🇺🇸 Nina Simone
5%
🎶 Stairway to Heaven 🎶 Sea of Love 🇬🇧 Robert Plant
5%
🎶 Twist in My Sobriety 🇬🇧 Tanita Tikaram
5%
🎶 Down By the River 🎶 I'm a Train 🇬🇮🇬🇧 Albert Hammond
4%
🎶 Oceania 🎶 Army of Me 🇮🇸 Björk
4%
🎶 Dr. Beat 🎶 Bad Boy 🇺🇸🇨🇺 Gloria Estefan
4%
🎶 Mississippi Delta Blues 🎶 T - for Texas 🇺🇸 Jimmie Rodgers
4%
🎶 Addicted to Love 🎶 What's it Take 🇬🇧 Robert Palmer
4%
🎶 Big Spender 🎶 Goldfinger 🇬🇧 Shirley Bassey
4%
🎶 Occhi🎶 Diamante 🇮🇹 Zucchero
4%
🎶 Universal Soldier 🎶 Atlantis 🇬🇧 Donovan
3%
🎶 Veronica 🎶 A Good Year For the Roses 🇬🇧 Elvis Costello
3%
🎶 Fade to Grey 🎶 Dancing With Tears in My Eyes 🏴󠁧󠁢󠁳󠁣󠁴󠁿 Midge Ure
3%
🎶 Try a Little Tenderness 🎶 These Arms of Mine 🇺🇸 Otis Redding
3%
🎶 Kiddy Kiddy Kiss Me🎶 Diana 🍁 Paul Anka
3%
🎶 Can The Can 🎶 Mama's Boy 🇺🇸 Suzi Quatro
3%
🎶 This is the World Calling 🎶 The Great Song of Indifference 🇮🇪 Bob Geldof (Boomtown Rats)
2%
🎶 Slave to Love 🎶 The Right Stuff 🇬🇧 Bryan Ferry
2%
🎶 He's Sure the Boy I Love 🎶 He's a Rebel 🇺🇸 Darlene Love (The Blossoms)
2%
🎶 Neither of us🎶 Midnight Train to Georgia 🇺🇸 Gladys Knight
2%
🎶 Lonely Teardrops 🎶 Higher & Higher 🇺🇸 Jackie Wilson
2%
🎶 After Midnight 🎶 Crazy Mama 🇺🇸 J. J. Cale
2%
🎶 Hoogie Boogie 🎶 Boom Boom 🇺🇸 John Lee Hooker
2%
🎶 Big Yellow Taxi 🎶 Clouds 🍁 Joni Mitchell
2%
🎶 We've Only Just Begun 🎶 Goodbye to Love 🇺🇸 Karen Carpenter
2%
🎶 Be My Baby 🎶 Walking in the Rain 🇺🇸 Ronnie Spector (Ronettes)
2%
🎶 Bad Penny 🎶 Shadowplay 🇮🇪 Rory Gallagher
2%
🎶 Everybody Likes to Cha Cha Cha🎶 Cupid 🇺🇸 Sam Cooke
2%
🎶 Sweet Child O'Mine🎶 There Goes The Neighborhood 🇺🇸 Sheryl Crow
2%
🎶 Higher Love 🎶 Roll With it 🇬🇧 Stevie Winwood (Spencer Davis Group)
2%
🎶 Moonlighting Theme 🎶 Mornin' 🇺🇸 Al Jarreau
1%
🎶 How Could You 🎶 I Love You Porgy 🇺🇸 Billie Holiday | Eleanora Fagan
1%
🎶 Love Me Like a Man 🎶 Angel From Montgomery 🇺🇸 Bonnie Raitt
1%
🎶 Cry Me a River 🎶 This Bitter Earth 🇺🇸 Dinah Washington
1%
🎶 Back Door Man 🎶 Smoke Stack Lightning 🇺🇸 Howlin' Wolf
1%
🎶 Puttin' on the Ritz🎶 White Christmas 🇷🇺🇺🇸 Irving Berlin
1%
🎶 Hurts so Good 🎶 Pink Houses 🇺🇸 John Mellencamp
1%
🎶 Strange Weather 🎶 Sister Morphine 🇬🇧 Marianne Faithfull
1%
🎶 If Only You Knew 🎶 On My Own 🇺🇸 Patti Labelle (Bluebelles)
1%
🎶 Hung up🎶 It's Written in the Stars 🏴󠁧󠁢󠁥󠁮󠁧󠁿 Paul Weller
1%
🎶 Don't look back 🎶 Get Up, Stand Up 🇯🇲 Peter Tosh
1%
🎶 Down By the Water 🎶 The Letter 🇬🇧 PJ Harvey
1%
🎶 Cruisin'🎶 Baby That's Backatcha 🇺🇸 Smokey Robinson
1%
🎶 Chicago 🎶 Hold on 🇺🇸 Tom Waits
1%
🎶 Future Shock 🎶 Kung Fu 🇺🇸 Curtis Mayfield
0%
🎶 Bambino🎶 Itsi bitsi petit bikini 🇫🇷 Dalida
0%
🎶 The Puppy Song 🎶 Cherish 🇺🇸 David Cassidy
0%
🎶 Respect Yourself 🎶 Let's Do it Again 🇺🇸 Mavis Staples
0%
🎶 Unter der Haut 🎶 If You Go Away 🇫🇷 Patricia Kaas
0%
🎶 Sweet Dreams (of you) 🎶 Walkin' After Midnight 🇺🇸 Patsy Cline
0%
Keine übereinstimmenden Quizze gefunden
Verteilung der Resultate
Anzahl Personen mit jedem Resultat
Perzentil nach korrekt beantworteten Fragen
Ihre Resultats-Entwicklung
Sie haben dieses Quiz noch nicht gespielt